• 首页
  • 本馆介绍
  • 公告通知
  • 最新文献
  • 馆藏检索
  • 电子资源
  • 读者导购
  • 参考咨询
  • 我的图书馆
  • 登录
  • 详细信息显示
  • 放入我的书架
  • 预约/预借图书
  • 作者相关作品
  • 分类相关作品
  • 丛书相关作品
  • 出版社相关作品

书目信息

  • 表格格式
  • 工作单格式
  • 卡片格式
书名: Physical chemistry
作者: P.W.ATKINS.
分册号:
分册名:
出版地: Oxford :
 
出版社: OXFORD UNIVERSITY PRESS
出版时间: c1982.
页数: 1095 p. :
开本: 24 cm.
丛书名:
中图分类号:
科图分类号:
其他分类号: O64
主题词:
电子资源:
000 00744cam 2200253 i 45x0
001 E0754412399
005 20070509154512.75
008 0306161982 enka b 001 0 eng
010    @a 78301484 //r83
015    @aGB77-22553
020    @a0-19-855151-7(pbk).
040    @aDLC@cDLC
050 00 @aQD453@b.A88 1978
082    @a541/.3
090    @aP42/W73/1978
090    @aO64
099    @dO64@ex9=2
100 1  @aAtkins, P. W.@q(Peter William),@d1940-
245 10 @aPhysical chemistry / @cP.W.ATKINS.
250    @a2nd ed.
260    @aOxford :@bOXFORD UNIVERSITY PRESS,@cc1982.
300    @a1095 p. :@bill. ;@c24 cm.
504    @aIncludes bibliographies and indexes.
650 00 @aChemistry, Physical and theoretical.
    
    Physical chemistry / / P.W.ATKINS.-2nd ed.-Oxford : : OXFORD UNIVERSITY PRESS, , c1982.
    1095 p. : : ill. ; ; 24 cm.
    Includes bibliographies and indexes.
    
    ISBN 0-19-855151-7(pbk).
    
●
相关链接 在E读中查询图书 在五车中查询图书 在当当中查询图书 在豆瓣中查询图书


正题名:Physical chemistry     索取号:O64/x9=2         预约/预借

序号 登录号 条形码 馆藏地/架位号 状态 备注
1 182254   000635619   第二样本阅览室/ [索取号:O64/x9=2] 在馆    
唐山师范学院图书馆 欢迎您!
大连网信软件有限公司© 版权所有